Student guide for learning economics (Record no. 3185)

000 -LEADER
fixed length control field 00295nam a22001337a 4500
020 ## - INTERNATIONAL STANDARD BOOK NUMBER
International Standard Book Number 0673993477
082 ## - DEWEY DECIMAL CLASSIFICATION NUMBER
Classification number 330
100 ## - MAIN ENTRY--PERSONAL NAME
Personal name Ralph T. Byrns
245 ## - TITLE STATEMENT
Title Student guide for learning economics
250 ## - EDITION STATEMENT
Edition statement 6th
260 ## - PUBLICATION, DISTRIBUTION, ETC.
Place of publication, distribution, etc. New York
Name of publisher, distributor, etc. Harper Collins
Date of publication, distribution, etc. 1995
300 ## - PHYSICAL DESCRIPTION
Extent 531p
942 ## - ADDED ENTRY ELEMENTS (KOHA)
Koha item type Book
Holdings
Withdrawn status Lost status Damaged status Not for loan Collection code Permanent Location Current Location Shelving location Date acquired Total Checkouts Full call number Barcode Date last seen Date last checked out Price effective from Koha item type
          Central Library (CL) Central Library (CL) General Stacks 05/19/2016 1 330 BYR S3H-N-625 07/13/2025 07/04/2025 05/19/2016 Book
© 2023 Central Library, National University of Sciences and Technology. All Rights Reserved.